| 000 | 00633nam a2200253Ia 4500 | ||
|---|---|---|---|
| 008 | 170712s9999 xx 000 0 und d | ||
| 020 | _a9712707776 | ||
| 050 | _a920.72 | ||
| 050 | _bH632 1998 | ||
| 100 | _aHidalgo, Cristina P. | ||
| 245 | _aShaking the family tree / | ||
| 245 | _cby Cristina P. Hidalgo and Alessandra G.L. Gonzales. | ||
| 260 | _aPhilippines : | ||
| 260 | _bAnvil, | ||
| 260 | _c1998 | ||
| 300 | _a135 pages : | ||
| 300 | _billustrations ; | ||
| 300 | _c22cm. | ||
| 650 | _aPhilippines. | ||
| 650 | _aTitle. | ||
| 650 | _aWomen -- | ||
| 650 | _aWomen. | ||
| 650 | _xPhilippines -- Biography. | ||
| 999 |
_c340389 _d340389 |
||